000 00953nac a22002777a 4500
001 BR8107378
003 BR-BrBNA
005 20240105115129.0
008 230509b bl.|||m| |||| 00| 0 por d
040 _aBR-BrBNA
_bpor
_cBiblioteca Nacional de Agricultura
072 _aE15; E10
090 _aE15 BR8107378
100 1 _aWright, C.L.
100 1 _aRego, A.J.C.
110 1 _aFundacao Universidade de Brasilia, DF (Brasil). Depto. de Economia
_95043
245 1 _aEstrutura agraria e producao agropecuaria: uma analise dos censos de 1970-1975 [Brasil]
260 3 _aBrasilia, DF (Brasil):
_c1981.
300 _a31 p.
490 _aTexto para Discussao - Fundacao Universidade de Brasilia. Depto. de Economia (Brazil)
_vno. 73
_x
500 _a13 ref.; 6 tables
650 _aPROPRIEDADE RURAL
650 _aPRODUTIVIDADE
650 _aESTATISTICA DE PRODUCAO
909 _a202312
_bLúcia Elande
_c55
_dLúcia Elande
942 _2AGRIS
_n0
_cMS
999 _c273228
_d273228